| 000 | 01559cam a22004097a 4500 | ||
|---|---|---|---|
| 003 | CHAP | ||
| 005 | 20220817042323.0 | ||
| 008 | 971013s1994 r 00010 d | ||
| 010 | _a40785 | ||
| 011 | _a41757 | ||
| 035 | _a45883 | ||
| 040 | _cCHAP | ||
| 082 |
_a312.0972 _bI54 v.1 |
||
| 110 |
_aInstituto Nacional de Estadística, Geografía e Informática. México _959304 |
||
| 245 | 1 | 3 | _aLa participación de la población en la actividad económica en México |
| 260 |
_aAguascalientes, Ags. : _bINEGI, _c1994 |
||
| 300 | _a214 p. | ||
| 490 | 0 | _aMonografías censales de México, 1990 | |
| 590 |
_aBATCH-UPD _b10 _c20130110 _lUCH01 _h0005 |
||
| 590 |
_aBATCH-UPD _b10 _c20130110 _lUCH01 _h1533 |
||
| 590 |
_aBATCH-UPD _b10 _c20130410 _lUCH01 _h0939 |
||
| 590 |
_aBATCH-UPD _b10 _c20130914 _lUCH01 _h1236 |
||
| 590 |
_aCONVERSION _b10 _c20130109 _lUCH01 _h1323 |
||
| 650 | 1 | 4 |
_aEducación _xAspectos económicos. _935413 |
| 650 | 1 | 4 |
_aEmpleo _zMéxico. _936587 |
| 650 | 1 | 4 |
_aMéxico _xCondiciones económicas. |
| 650 | 1 | 4 |
_aPoblación _xMéxico. _989408 |
| 700 | 0 |
_aEternod, Marcela. _938588 |
|
| 700 | 0 |
_aJusidman, Clara. _962537 |
|
| 710 | 0 | _aEl Colegio de México. | |
| 710 | 0 |
_aUniversidad Nacional Autónoma de México. Instituto de Investigaciones Sociales. _9116558 |
|
| 830 | 0 |
_aMonografías censales de México, 1990 _977571 |
|
| 901 | _aBK | ||
| 942 | _cLIBRO | ||
| 949 |
_a312.0972 I54 v.1 _bBC _cINEGI _d33724000481388 _eINEGI _h88653 _i45883 _si |
||
| 949 |
_a312.0972 I54 v.1 _bBC _cINEGI _d33724000874822 _eINEGI _fc.2 _gDonaciØn _h30162 _i45883 _sb |
||
| 999 |
_c40785 _d40785 |
||